000 00685nam a2200217Ia 4500
003 OSt
005 20240917150219.0
008 220927b |||||||| |||| 00| 0 eng d
020 _a9780415473828
037 _b225, 17/02/2012, Classic Book Service
040 _aSDCL
_cSDCL
_beng
041 _2eng
_aeng
082 _aRxM72,AB P9
100 _aRussell, Bertrand
245 0 _aABC of relativity:
_b With an introduction by Peter Clark/
260 _aLondon:
_bRoutledge,
_c2009.
300 _axviii,150p
_ccm.
650 _aPhilosophy
942 _hRxM72,AB P9
_cTEXL
_2CC
999 _c782669
_d782669